| 000 | 00608nam a22001817a 4500 | ||
|---|---|---|---|
| 999 |
_c3651 _d3651 |
||
| 003 | AR-CdUCM | ||
| 008 | 190307b ||||| |||| 00| 0 spa d | ||
| 040 |
_aMUNICIPALIDAD PROVINCIAL DEL CUSCO _cBIBLIOTECA MUNICIPAL DEL CUSCO |
||
| 082 |
_a869.62 / _bC2 |
||
| 100 |
_aCarrion, Benjamin _96235 |
||
| 245 |
_aG. h. MATA, el comprendedor apasionado : _bDefensa de mi Zaldumbide y Montalvo / |
||
| 260 |
_aQuito : _bBiblioteca CENIT, _c1966. |
||
| 300 |
_a118 páginas ; _c16.2 cm. |
||
| 650 |
_aLiteratura Ecuatoriana _911889 |
||
| 650 |
_aLiteratura Latinoamericana _9799 |
||
| 942 |
_2ddc _cLIBROS |
||
| 945 | _artm | ||